| 000 | 00833nam a2200217Ia 4500 | ||
|---|---|---|---|
| 003 | OSt | ||
| 005 | 20210417221026.0 | ||
| 008 | 210310s1993 ck a gr 000 0dspa d | ||
| 040 |
_aCO-JMCR _cCO-JMCR |
||
| 041 | 0 | _aspa | |
| 082 | 0 | 4 |
_a343.04 / _bC355a _223 |
| 100 | 1 |
_aCastro Ramírez, Pedro Eliseo, _914971 _eautor |
|
| 245 | 1 | 0 |
_aApertura y reformas tributarias / _cPedro Eliseo Castro R. |
| 260 |
_aTunja : _bUniversidad Pedagógica y Tecnológica de Colombia : _bEscuela de Administración, _c1993 |
||
| 300 |
_b143 páginas : _ailustraciones a blanco y negro ; _c21 cm. |
||
| 500 | _aIncluye datos biográficos del autor. | ||
| 505 | 0 | _aReforma tributaria de 1990 -- Reforma tributaria de 1992 | |
| 650 | 1 | 4 |
_aDerecho fiscal _914973 _xLegislación _zColombia |
| 650 | 2 | 4 |
_aApertura económica _zColombia _97518 |
| 942 |
_2ddc _cBK |
||
| 999 |
_c7623 _d7623 |
||